<?xml version="1.0" encoding="UTF-8"?>
<marc:record xmlns:marc="http://www.loc.gov/MARC21/slim">
   <marc:leader>00000nam a2200000 a 4500</marc:leader>
   <marc:datafield ind1=" " ind2=" " tag="653">
      <marc:subfield code="a">Sachbilderbücher</marc:subfield>
   </marc:datafield>
   <marc:datafield ind1="0" ind2="0" tag="245">
      <marc:subfield code="a">Was machen die Tiere im Frühling?</marc:subfield>
   </marc:datafield>
   <marc:datafield ind1="0" ind2="0" tag="245">
      <marc:subfield code="c">Christine Sommer-Guist ; Niklas Böwer. [Red.: Annette Güthner</marc:subfield>
   </marc:datafield>
   <marc:datafield ind1=" " ind2="1" tag="264">
      <marc:subfield code="a">Münster</marc:subfield>
      <marc:subfield code="b">Coppenrath</marc:subfield>
      <marc:subfield code="c">2010</marc:subfield>
   </marc:datafield>
   <marc:datafield ind1="1" ind2=" " tag="520">
      <marc:subfield code="a">Angaben aus der Verlagsmeldung

Was machen die Tiere im Frühling? / von Christine Sommer-Guist

„Kuckuck, kuckuck, ruft’s aus dem Wald …“ Wer kennt es nicht, dieses bekannte Kinderlied? Es verspricht uns: „Frühling, Frühling, ist es nun bald“. Und das stimmt! Wenn man den Kuckuck rufen hört, ist es bald wieder so warm, dass man draußen singen, tanzen und springen kann. Die Sonnenstrahlen erwecken auch die Bäume, Blumen und Tiere zu neuem Leben. Überall wachsen frische Blätter und Blüten. Und die Tiere bauen für ihre Jungen neue Nester und Höhlen. In diesem Buch erfahren Vorschulkinder, was die Tiere im Frühling so alles machen. Einige Tiere (Kuckuck, Teichfrosch, Zilpzalp) können die Kinder über die Soundmodule im Umschlag sogar hören!
</marc:subfield>
   </marc:datafield>
   <marc:datafield ind1=" " ind2=" " tag="020">
      <marc:subfield code="a">9783815796153</marc:subfield>
      <marc:subfield code="9">9783815796153</marc:subfield>
   </marc:datafield>
   <marc:datafield ind1=" " ind2=" " tag="041">
      <marc:subfield code="a">ger</marc:subfield>
   </marc:datafield>
   <marc:datafield ind1=" " ind2=" " tag="300">
      <marc:subfield code="a">24] S.</marc:subfield>
   </marc:datafield>
</marc:record>
